000 00333nam a2200157Ia 4500
100 _aThampi/G.T
650 _aJava
942 _cBK
366 _f25
245 _aObject Oriented programming in Java
260 _bDreamtech Press
_c2010
082 _a5.133
_bTHA
300 _a568
546 _aENGLISH
_cPAMPHALETS
999 _c34255
_d34255